00507nam a22001937a 450000500170000001000130001702000110003003500130004103700160005404000120007008200130008210000210009524500550011626000350017127000320020630000250023865000260026365000240028920170124105931.0 aB-089738 c180.00 aB-089738 bCen Lib/Ret aDPLbEN a330bSRI aSrivastava, Alok aAdvanced business economics /cby Alok Srivastava  aAllahabad bKitab Mahal c2004 bAllahabad a22-A, S.N. Marg aiii, 596p.c24cm(Hb) aDeveloping economics  aBusiness economics